Name all the Stans - Statistics

General Stats
  • This quiz has been taken 52 times
  • The average score is 7 of 7
Answer Stats
Answer % Correct
Pakistan
100%
Uzbekistan
97%
Afghanistan
95%
Kazakhstan
92%
Turkmenistan
92%
Kyrgyzstan
90%
Tajikistan
90%
No matching quizzes found
Score Distribution
Percent of People with Each Score
Percentile by Number Answered
Your Score History
You have not taken this quiz